• 首页
  • 本馆介绍
  • 公告通知
  • 最新文献
  • 馆藏检索
  • 电子资源
  • 读者导购
  • 参考咨询
  • 我的图书馆
  • 登录
  • 详细信息显示
  • 放入我的书架
  • 预约/预借图书
  • 作者相关作品
  • 分类相关作品
  • 丛书相关作品
  • 出版社相关作品

书目信息

  • 表格格式
  • 工作单格式
  • 卡片格式
题名:
马蹄实用栽培和加工技术
    
 
作者: 高立波 主编 ;桂林市经济作物技术推广站 , 荔浦市农业农村局 编
分册:  
出版信息: 南宁   广西科学技术出版社  2020.03
页数: 115页
开本: 21cm
丛书名:
单 册:
中图分类: S645.3
科图分类:
主题词: 荸荠--bi qi--蔬菜园艺 , 荸荠--bi qi--蔬菜加工
电子资源:
ISBN: 978-7-5551-1405-5
000 01081nam0 2200277 450
001 CAL 0120141439631
005 20230217093111.0
010    @a978-7-5551-1405-5@dCNY32.80
100    @a20210727d2020 em y0chiy0120 ea
101 0  @achi
102    @aCN@b450000
105    @aa z 000yy
106    @ar
200 1  @a马蹄实用栽培和加工技术@Ama ti shi yong zai pei he jia gong ji shu@f桂林市经济作物技术推广站, 荔浦市农业农村局编
210    @a南宁@c广西科学技术出版社@d2020.03
215    @a115页@c彩图@d21cm
314    @a书内题: 高立波主编
330    @a本书分五章, 概述、生物学特征与生长环境条件、栽培与管理、马蹄组培苗栽培、马蹄采收、贮藏与加工。内容包括: 历史与分布 ; 营养价值与用途 ; 生产现状与市场前景等。
606 0  @a荸荠@Abi qi@x蔬菜园艺
606 0  @a荸荠@Abi qi@x蔬菜加工
690    @aS645.3@v5
701  0 @a高立波@Agao li bo@4主编
712 02 @a桂林市经济作物技术推广站@Agui lin shi jing ji zuo wu ji shu tui guang zhan@4编
712 02 @a荔浦市农业农村局@Ali pu shi nong ye nong cun ju@4编
801  0 @aCN@bBJXHZP@c20230228
905    @b1399481-4@dS645.3@e702@f4
    
    马蹄实用栽培和加工技术/桂林市经济作物技术推广站, 荔浦市农业农村局编.-南宁:广西科学技术出版社,2020.03
    115页:彩图;21cm
    
    
    ISBN 978-7-5551-1405-5:CNY32.80
    本书分五章, 概述、生物学特征与生长环境条件、栽培与管理、马蹄组培苗栽培、马蹄采收、贮藏与加工。内容包括: 历史与分布 ; 营养价值与用途 ; 生产现状与市场前景等。
●
相关链接 在E读中查询图书 在五车中查询图书 在当当中查询图书 在豆瓣中查询图书


正题名:马蹄实用栽培和加工技术     索取号:S645.3/702         预约/预借

序号 登录号 条形码 馆藏地/架位号 状态 备注
1 1399481   213994819   第二样本阅览室/ [索取号:S645.3/702] 在馆    
2 1399482   213994828   第三借阅区/ [索取号:S645.3/702] 在馆    
3 1399483   213994837   第三借阅区/ [索取号:S645.3/702] 在馆    
4 1399484   213994846   第三借阅区/ [索取号:S645.3/702] 在馆    
唐山师范学院图书馆 欢迎您!
大连网信软件有限公司© 版权所有